| Tag |
First Indicator |
Second Indicator |
Subfields |
| LEADER |
00000pam a2200000 a 4500 |
| 001 |
in00000095451 |
| 005 |
20151209154547.0 |
| 008 |
811212s1982 nyua b 00100 eng |
| 010 |
|
|
|a 81021503
|
| 020 |
|
|
|a 0807726729
|
| 020 |
|
|
|a 0807726710 (pbk.)
|
| 035 |
|
|
|a (OCoLC)08111786
|
| 035 |
|
|
|9 AAK8092AM
|
| 039 |
0 |
|
|a 2
|b 3
|c 3
|d 3
|e 3
|
| 040 |
|
|
|a DLC
|c DLC
|d TXA
|d UtOrBLW
|
| 043 |
|
|
|a n-ust--
|a n-usu--
|a n-mx---
|
| 049 |
|
|
|a TXAM
|c 1 [1117016], 2 [272680]
|
| 050 |
0 |
0 |
|a P40.45 U5
|b B5 1982
|
| 082 |
0 |
|
|a 404/.2
|2 19
|
| 245 |
0 |
0 |
|a Bilingualism and language contact :
|b Spanish, English, and Native American languages /
|c edited by Florence Barkin, Elizabeth A. Brandt, Jacob Ornstein-Galicia.
|
| 264 |
|
1 |
|a New York :
|b Teachers College,
|c 1982.
|
| 300 |
|
|
|a xiii, 320 pages :
|b illustrations ;
|c 23 cm.
|
| 336 |
|
|
|a text
|b txt
|2 rdacontent
|
| 337 |
|
|
|a unmediated
|b n
|2 rdamedia
|
| 338 |
|
|
|a volume
|b nc
|2 rdacarrier
|
| 490 |
1 |
|
|a Bilingual education series
|
| 504 |
|
|
|a Includes bibliographies and index.
|
| 650 |
|
0 |
|a Sociolinguistics
|z Southwestern States.
|
| 650 |
|
0 |
|a Languages in contact
|z Southwestern States.
|
| 650 |
|
0 |
|a Language and languages
|x Study and teaching
|z Southwestern States.
|
| 650 |
|
0 |
|a Sociolinguistics
|z Mexico.
|
| 650 |
|
0 |
|a Languages in contact
|z Mexico.
|
| 650 |
|
0 |
|a Language and languages
|x Study and teaching
|z Mexico.
|
| 700 |
1 |
|
|a Barkin, Florence.
|
| 700 |
1 |
|
|a Brandt, Elizabeth A.
|
| 700 |
1 |
|
|a Ornstein-Galicia, Jacob,
|d 1915-
|
| 830 |
|
0 |
|a Bilingual education series.
|
| 999 |
|
|
|a MARS
|
| 999 |
f |
f |
|s 634cf706-1aa3-390f-a208-00cbedadf93b
|i 98b8edae-2a72-357c-b4ed-094d24d3ae24
|t 0
|
| 952 |
f |
f |
|p ric
|a Texas A&M University
|b Rellis Campus
|c Joint Library Facility
|s JLF
|d Remote Storage
|t 0
|e P40.45 U5 B5 1982
|h Library of Congress classification
|i unmediated -- volume
|m A14807906482
|
| 998 |
f |
f |
|a P40.45 U5 B5 1982
|t 0
|l Remote Storage
|